| 000 | 00441cam a22001217a 4500 | ||
|---|---|---|---|
| 008 | 180718b2013 xxu||||| |||| 00| 0 eng d | ||
| 082 | _aL906X5411 MGN | ||
| 100 | _aMahatma Gandhi National Rural Employment Scheme: 2012 | ||
| 245 |
_aReport of the comptroller and auditor general of India on Mahatma Gandhi National Rural Employment Guarantee Scheme _cGovernment of Assam |
||
| 260 |
_aAssam _bCAG _c2013 |
||
| 300 | _a146p. | ||
| 650 | _aMGNREGS | ||
| 999 |
_c502710 _d502710 |
||